| 000 | 00750nam a2200217Ia 4500 | ||
|---|---|---|---|
| 003 | GCL | ||
| 008 | 140319s9999 xx 000 0 ara d | ||
| 040 |
_aGCL / _cGCL |
||
| 082 | 0 | 4 |
_a657.45 _bم ا |
| 100 | 1 | _aمحمد سمير الصبان | |
| 245 | 1 | 0 |
_aالاسس العلمية والعملية لمراجعة الحسابات / _cمحمد سمير الصبان |
| 700 | 1 | _aمحمد مصطفى سليمان | |
| 260 |
_aالقاهرة : _bالدار الجامعية ، _c2005 |
||
| 300 |
_a399 ص ؛ _c24 سم |
||
| 650 | 0 | 4 | _aمراجعة الحسابات |
| 650 | 0 | 4 | _aالمحاسبة |
| 650 | 0 | 4 | _aالادارة المالية |
| 650 | 0 | 4 | _aالتقارير المالية |
| 650 | 0 | 4 | _aحوكمة الشركات |
| 942 |
_2ddc _cBK |
||
| 999 |
_c8292 _d8292 |
||